000 00708nam a22002177a 4500
003 UA-OsUOA
001 47329
007 ta
008 20070716b un ||||| |||| 00| 0 ukr d
100 _aШимко О.В.
090 _a81
_bШ-12
942 _cSA
040 _aUA-OsUOA
_bukr
_cUA-OsUOA
_dUA-OsUOA
245 _aВплив церковнослов'янської мови української редакції на московську книжно-писемну традицію
300 _aС.26-35
955 _a0
041 _aukr
080 _a81
773 0 _w47327
650 7 _a8 Мовознавство. Художня література. Літературознавство
_2UDC
999 _c333429
_d333429